| 000 | 00629nam a2200205 a 4500 | ||
|---|---|---|---|
| 005 | 20140310183516.0 | ||
| 008 | 110104s19uu xx 00 eng d | ||
| 020 | _a9789710370122 | ||
| 050 |
_aRC 607 _b.Ai26 2009 |
||
| 245 |
_aAIDS in the Philippines./ _ceditor: Ofelia Monzon |
||
| 260 |
_aQuezon City : _bAIDS Society in the Philippines, _c2009. |
||
| 300 |
_a280 p. : _bill. col. ; _c26 cm. |
||
| 521 | _aNUR | ||
| 650 | _aAIDS(Disease). | ||
| 650 | _aAIDS (Disease)--Philippines. | ||
| 650 | _aAIDS (Disease)--Philippines-Prevention. | ||
| 700 | _aeditor: Ofelia Monzon | ||
| 942 |
_cBK _2lcc _kLOC |
||
| 999 |
_c24283 _d24283 |
||